000 00788nam a2200229Ia 4500
005 20241112153718.0
008 210716s1993 xx 000 0 und d
020 _a74603183
040 _cAIMIT LIBRARY
041 _aeng
082 _a005.135
_22
_bROYM
100 _aRoy, M K.
_9185051
245 _aCobol programming:
_bincluding ms-cobol and cobol 85 /
_cBy M K Roy and D Ghosh Dastidar.
250 _a2nd ed.
260 _aNew Delhi :
_bTata McGraw Hill Publishing Company Ltd ;
_c1993.
300 _axx,496p. ;
_bPB
_c24 cm.
650 _aIdentification and environment division
_9185052
650 _aConditional and sequence control verbs
_9185053
650 _aCobol for personal computers
_9185054
700 _aDastidar, D Ghosh.
_9185055
942 _2ddc
_cBK
_k005.135 ROYM
999 _c180644
_d180644